100 Largest Cities in Russia - Statistics

General Stats
  • This quiz has been taken 181 times
  • The average score is 50 of 100
Answer Stats
Rank City % Correct
1 Moscow
99%
2 Saint Petersburg
99%
3 Novosibirsk
93%
4 Yekaterinburg
93%
10 Rostov-on-Don
92%
26 Vladivostok
91%
15 Volgograd
91%
6 Kazan
89%
5 Nizhny Novgorod
89%
8 Omsk
87%
14 Perm
87%
9 Samara
87%
11 Ufa
86%
7 Chelyabinsk
83%
16 Krasnodar
83%
43 Sochi
83%
23 Irkutsk
79%
68 Murmansk
79%
13 Voronezh
77%
17 Saratov
72%
12 Krasnoyarsk
70%
67 Grozny
69%
28 Tomsk
68%
59 Yakutsk
68%
33 Astrakhan
67%
55 Arkhangelsk
66%
40 Kaliningrad
66%
19 Tolyatti
64%
52 Vladimir
63%
42 Kursk
61%
29 Orenburg
60%
57 Smolensk
59%
49 Bryansk
58%
27 Makhachkala
58%
22 Ulyanovsk
58%
48 Ivanovo
56%
20 Izhevsk
56%
25 Yaroslavl
56%
50 Belgorod
54%
32 Ryazan
54%
45 Ulan-Udè
54%
24 Khabarovsk
53%
46 Tver
53%
90 Veliky Novgorod
53%
41 Tula
52%
18 Tyumen
52%
35 Penza
51%
93 Pskov
50%
44 Stavropol
50%
37 Lipetsk
49%
21 Barnaul
48%
30 Kemerovo
48%
64 Oryol
48%
56 Kaluga
47%
36 Kirov
44%
47 Magnitogorsk
44%
69 Tambov
44%
63 Vologda
44%
65 Vladikavkaz
43%
60 Saransk
42%
73 Kostroma
41%
54 Chita
38%
87 Engels
38%
62 Kurgan
38%
70 Petrozavodsk
38%
38 Cheboksary
36%
95 Yuzhno-Sakhalinsk
36%
85 Bratsk
34%
34 Naberezhnye Chelny
34%
76 Khimki
32%
74 Novorossiysk
32%
78 Komsomolsk-on-Amur
31%
31 Novokuznetsk
31%
51 Surgut
31%
84 Orsk
30%
61 Cherepovets
29%
66 Podolsk
29%
81 Nalchik
28%
79 Syktyvkar
28%
77 Taganrog
28%
53 Nizhny Tagil
27%
39 Balashikha
26%
75 Yoshkar-Ola
26%
98 Armavir
25%
100 Rybinsk
25%
86 Blagoveshchensk
23%
80 Nizhnekamsk
23%
91 Stary Oskol
23%
88 Angarsk
22%
71 Sterlitamak
21%
72 Nizhnevartovsk
20%
82 Shakhty
20%
58 Volzhsky
20%
99 Balakovo
19%
83 Dzerzhinsk
18%
94 Lyubertsy
17%
96 Biysk
16%
89 Korolyov
15%
92 Mytishchi
15%
97 Prokopyevsk
13%
No matching quizzes found
Score Distribution
Percent of People with Each Score
Percentile by Number Answered
Your Score History
You have not taken this quiz